000 00648nam a2200253Ia 4500
003 OSt
005 20221007110143.0
006 a|||||r|||| 00| 0
007 ta
008 221006b |||||||| |||| 00| 0 eng d
024 _a20,492
037 _cTextual
040 _aLCO
_cLCO
_beng
041 _2eng
_aeng
082 _aZ1,8, L1
100 _aSharan Sarojini
_9111168
245 0 _aInternational Court of Justice
250 _a1st
260 _aCalcutta
_bNew Age Publishers India
_c1971
300 _a268
650 _aINTERNATIONAL COURT
942 _hZ1,8, L1
_cTEXL
999 _c1190055
_d1190055